[Event "EU-Cup 05th final"]
[Site "Moscow"]
[Date "1986.12.10"]
[Round "5.1"]
[White "Karpov, Anatoly"]
[Black "Beliavsky, Alexander G"]
[Result "1-0"]
[WhiteElo "2705"]
[BlackElo "2585"]
[Annotator "RR"]
[PlyCount "83"]
[EventDate "1986.12.10"]
[EventType "team-match"]
[EventRounds "2"]
[EventCountry "URS"]
[SourceTitle "EXT 2020"]
[Source "ChessBase"]
[SourceDate "2019.10.17"]
[SourceVersion "1"]
[SourceVersionDate "2019.10.17"]
[SourceQuality "1"]
[WhiteTeam "Moscow CSKA"]
[BlackTeam "Trud"]
[WhiteTeamCountry "RUS"]
[BlackTeamCountry "URS"]

1. d4 Nf6 2. Nf3 e6 3. c4 d5 4. Nc3 Be7 5. Bg5 h6 6. Bxf6 Bxf6 7. e3 O-O 8. Rc1 c6 9. Bd3 Nd7 10. O-O dxc4 11. Bxc4 e5 12. h3 {Le thème du Championnat du Monde 1985} exd4 13. exd4 Nb6 (13... c5 $143 14. Ne4) 14. Bb3 a5 $5 $146 (14... Bf5 {1-0 Kasparov,G (2740)-Karpov,A (2705) World Championship 33th-KK3 1986 (22)}) 15. a3 Bf5 16. Re1 Qd7 (16... Re8) ({RR} 16... Qd6 17. Ne5 Bxe5 18. Rxe5 Bg6 19. Qd2 a4 20. Ba2 Nd7 21. Re3 Nf6 22. Qd1 Rfd8 23. d5 Nxd5 24. Nxd5 {½-½ (24) Huzman,A (2572)-Avrukh,B (2576) Beersheba 2013}) ({RR} 16... Qd6 17. Ne5 Bxe5 18. Rxe5 Bg6 19. Qg4 Nd7 20. Re3 Rfe8 21. Rce1 Kf8 22. Rxe8+ Rxe8 23. Rxe8+ Kxe8 24. d5 Nc5 25. dxc6 bxc6 26. Bc4 Ke7 27. Qe2+ Kf8 28. Qe3 Qe7 29. Qg3 Nd7 30. Be2 Qe5 31. Qh4 {Lazavik,D (2439)-Lutsko,I (2291) Minsk 2021 ½-½ (40)}) 17. Ne5 Bxe5 18. Rxe5 $146 ({RR} 18. dxe5 Qxd1 19. Rcxd1 a4 20. Ba2 Rfd8 21. Rd6 Kf8 22. Ne4 Nd5 23. Bxd5 cxd5 24. Rxd8+ Rxd8 25. Nd6 Bd7 26. f4 Bc6 27. Kf2 g6 28. h4 f6 29. h5 fxe5 30. fxe5 Ke7 31. hxg6 Ke6 32. g4 Rg8 {Dokhoian,Y (2450)-Kruppa,Y (2445) Irkutsk 1986 ½-½ (41)}) 18... Rfe8 (18... Bg6 $5) 19. Qe2 Rad8 (19... Be6) 20. Re1 Rxe5 21. Qxe5 a4 22. Qc5 $1 (22. Nxa4 Nxa4 23. Bxa4 Qxd4 24. Qxf5 Qxa4) 22... axb3 23. Re7 Qd6 $2 (23... Qc8 $5 24. Qxb6 Rd7) 24. Re8+ $40 Rxe8 (24... Kh7 25. Qxf5+) 25. Qxd6 Nc4 26. Qb4 b5 27. d5 $1 cxd5 28. Nxd5 Bc2 29. Qc3 Rd8 30. Nf4 Rd1+ 31. Kh2 Nd2 32. h4 Bf5 33. f3 g5 $13 34. hxg5 hxg5 35. Ne2 g4 (35... Nf1+ {Résistait plus longtemps mais en fin de variante, les Blancs restent nettement mieux} 36. Kg1 Ng3+ 37. Kf2 Nh1+ $1 38. Ke3 Rd3+ {[%cal Gd3c3,Gd3e3]}) 36. Ng3 $18 Be6 37. f4 Nf1+ 38. Nxf1 Rxf1 39. Qe5 Bc4 40. Kg3 Rd1 41. f5 Rd5 42. Qe4 1-0

[Event "World-ch31-KK2 Kasparov-Karpov +5-3=16"]
[Site "Moscow"]
[Date "1985.09.12"]
[Round "4"]
[White "Karpov, Anatoly"]
[Black "Kasparov, Garry"]
[Result "1-0"]
[WhiteElo "2720"]
[BlackElo "2700"]
[PlyCount "125"]
[EventDate "1985.09.03"]
[EventType "match"]
[EventRounds "24"]
[EventCountry "URS"]
[SourceTitle "MainBase"]
[Source "ChessBase"]
[SourceDate "1999.07.01"]
[SourceVersion "2"]
[SourceVersionDate "1999.07.01"]
[SourceQuality "1"]

1. d4 d5 2. c4 e6 3. Nc3 Be7 4. Nf3 Nf6 5. Bg5 h6 6. Bxf6 Bxf6 7. e3 O-O 8. Qc2 Na6 9. Rd1 c5 10. dxc5 Qa5 11. cxd5 Nxc5 12. Qd2 Rd8 13. Nd4 exd5 14. Be2 Qb6 15. O-O Ne4 16. Qc2 Nxc3 17. Qxc3 Be6 $146 ({RR} 17... Bf5 18. Qd2 Be4 {½-½ (18) Vaganian,R (2625)-Tal,M (2565) Naestved 1985}) 18. Qc2 Rac8 19. Qb1 Rc7 20. Rd2 Rdc8 21. Nxe6 fxe6 22. Bg4 Rc4 23. h3 Qc6 24. Qd3 Kh8 25. Rfd1 a5 26. b3 Rc3 27. Qe2 Rf8 28. Bh5 b5 29. Bg6 Bd8 30. Bd3 b4 31. Qg4 Qe8 32. e4 Bg5 33. Rc2 Rxc2 34. Bxc2 Qc6 35. Qe2 Qc5 36. Rf1 Qc3 37. exd5 exd5 38. Bb1 Qd2 39. Qe5 Rd8 40. Qf5 Kg8 41. Qe6+ Kh8 42. Qg6 Kg8 43. Qe6+ Kh8 44. Bf5 Qc3 45. Qg6 Kg8 46. Be6+ Kh8 47. Bf5 Kg8 48. g3 Kf8 49. Kg2 Qf6 50. Qh7 Qf7 51. h4 Bd2 52. Rd1 Bc3 53. Rd3 Rd6 54. Rf3 Ke7 55. Qh8 d4 56. Qc8 Rf6 57. Qc5+ Ke8 58. Rf4 Qb7+ 59. Re4+ Kf7 60. Qc4+ Kf8 61. Bh7 Rf7 62. Qe6 Qd7 63. Qe5 1-0

[Event "World-ch31-KK2 Kasparov-Karpov +5-3=16"]
[Site "Moscow"]
[Date "1985.09.19"]
[Round "6"]
[White "Karpov, Anatoly"]
[Black "Kasparov, Garry"]
[Result "1/2-1/2"]
[WhiteElo "2720"]
[BlackElo "2700"]
[PlyCount "54"]
[EventDate "1985.09.03"]
[EventType "match"]
[EventRounds "24"]
[EventCountry "URS"]
[SourceTitle "MainBase"]
[Source "ChessBase"]
[SourceDate "1999.07.01"]
[SourceVersion "2"]
[SourceVersionDate "1999.07.01"]
[SourceQuality "1"]

1. d4 d5 2. c4 e6 3. Nc3 Be7 4. Nf3 Nf6 5. Bg5 h6 6. Bxf6 Bxf6 7. e3 O-O 8. Qd2 dxc4 9. Bxc4 Nd7 10. O-O c5 11. Rfd1 cxd4 12. Nxd4 Nb6 13. Be2 Bd7 14. Bf3 Rb8 15. Ne4 Bxd4 16. Qxd4 Ba4 17. Qxd8 $146 ({RR} 17. b3 Qxd4 18. Rxd4 Bc6 19. Rad1 Rfe8 {½-½ (19) Groszpeter,A (2470)-Lengyel,L (2385) Hungary 1986}) 17... Rfxd8 18. Rxd8+ Rxd8 19. Nc5 Rd2 20. b3 Bc6 21. Nxb7 Bxf3 22. gxf3 Nd7 23. Kg2 g5 24. b4 Nb6 25. Kf1 Nd7 26. Kg2 Nb6 27. Kf1 Nd7 1/2-1/2

[Event "World-ch32-KK3 Kasparov-Karpov +5-4=15"]
[Site "London/Leningrad"]
[Date "1986.08.27"]
[Round "12"]
[White "Kasparov, Garry"]
[Black "Karpov, Anatoly"]
[Result "1/2-1/2"]
[WhiteElo "2740"]
[BlackElo "2705"]
[PlyCount "67"]
[EventDate "1986.07.28"]
[EventType "match"]
[EventRounds "24"]
[EventCountry "URS"]
[SourceTitle "MainBase"]
[Source "ChessBase"]
[SourceDate "1999.07.01"]
[SourceVersion "2"]
[SourceVersionDate "1999.07.01"]
[SourceQuality "1"]

1. d4 d5 2. c4 e6 3. Nc3 Be7 4. Nf3 Nf6 5. Bg5 h6 6. Bxf6 Bxf6 7. e3 O-O 8. Rc1 c6 9. Bd3 Nd7 10. O-O dxc4 11. Bxc4 c5 12. Qe2 a6 13. Rfd1 cxd4 14. Nxd4 Qe7 15. Ne4 Be5 16. Nf3 $146 ({RR} 16. Qh5 Rd8 17. Bf1 Bb8 18. Qa5 b6 19. Qc3 Bb7 20. Nc6 Bxc6 21. Qxc6 Ra7 22. g3 b5 23. b3 Rf8 24. Be2 Nf6 25. Nxf6+ Qxf6 26. Qb6 Qe7 27. Rc6 Be5 28. Bf3 Rb8 29. Qa5 Bc7 30. Qc3 Rb6 {Kasparov,G (2595)-Olafsson,H (2545) Dubai 1986 1-0 (41)}) 16... Bb8 17. Qd2 b5 18. Be2 Nf6 19. Nxf6+ Qxf6 20. Qd4 Bb7 21. Qxf6 gxf6 22. b3 f5 23. g3 Bxf3 24. Bxf3 Ra7 25. Rc6 Kg7 26. Be2 Be5 27. h3 Bf6 28. Rdd6 Rfa8 29. Kg2 Be7 30. Rd2 b4 31. g4 fxg4 32. hxg4 a5 33. f4 Rd8 34. Rxd8 1/2-1/2

[Event "Wolfsburg sim"]
[Site "Wolfsburg"]
[Date "2007.01.20"]
[Round "1"]
[White "Karpov, Anatoly"]
[Black "Seitz, Michael"]
[Result "1-0"]
[WhiteElo "2668"]
[BlackElo "2258"]
[PlyCount "53"]
[EventDate "2007.01.20"]
[EventType "simul"]
[EventRounds "1"]
[EventCountry "GER"]
[SourceTitle "EXT 2008"]
[Source "ChessBase"]
[SourceDate "2007.11.25"]
[SourceVersion "1"]
[SourceVersionDate "2007.11.25"]
[SourceQuality "1"]

1. Nf3 {Dautov,Rustem} d5 2. d4 Nf6 3. c4 e6 4. Nc3 Nc6 5. Bg5 Be7 6. e3 h6 7. Bxf6 Bxf6 8. Rc1 O-O 9. a3 ({RR} 9. Be2 dxc4 10. Bxc4 e5 11. d5 Ne7 12. Ne4) ({RR} 9. cxd5 exd5 10. Be2 Ne7 11. O-O c6 12. b4 a6 13. a4 Be6 14. Ne1 Bf5 15. Nd3 Bxd3 16. Bxd3 Qb6 17. Qb3 Rfd8 18. Rc2 a5 19. b5 Rac8 20. Ne2 c5) ({RR} 9. Be2 Ne7 10. O-O c6 11. c5 Re8 12. b4 a6 13. Na4 Ng6 14. Nb6 Rb8 15. a4 e5 16. b5 axb5 17. axb5 e4 18. Nd2 Ne7 19. bxc6 bxc6 20. Nb3 Nf5 21. Na5 Re6 22. Bg4 g6 23. Rb1 Ba6 {Golis,W (2319)-Artuz,G chess.com INT 2025 0-1 (41)}) 9... Ne7 ({RR} 9... dxc4 10. Bxc4 e5 11. d5 Ne7 12. Ne4 Ng6 ({RR} 12... Nf5 13. O-O Nd6 14. Nxf6+ Qxf6 15. Be2 Bg4) 13. Ba2 ({RR} 13. d6 cxd6 14. Qxd6 Qxd6 15. Nxd6 e4 16. Nd4) ({RR} 13. Nxf6+ Qxf6) 13... Be7 14. O-O Kh8 15. Qb3 f5 16. Nc5 Bd6 17. Bb1 ({RR} 17. Nxb7 Bxb7 18. Qxb7 Rb8 19. Qxa7 Rxb2 20. Bc4 e4 21. Nd4 Qh4) 17... Qf6 18. Rfe1 b6 19. Ne6 Bxe6 20. dxe6 e4 21. Nd4 Rae8 22. Nb5 ({RR} 22. Ba2 Ne5) 22... Nh4 23. Red1 ({RR} 23. Kh1) 23... Qg5 24. g3 {Bauer,C (2612)-Bologan,V (2676) Enghien les Bains 2001 CBM 083 [Dautov,Rustem] 0-1 (40)}) 10. b4 $146 ({RR} 10. Bd3 dxc4 11. Bxc4 Nd5 12. Ne4 c6 13. O-O Be7 14. Ba2 Nf6 15. Qd3 Nd5 16. Ne5 Qe8 17. Nc3 Bd6 18. Bb1 f5 19. f4 Bxe5 20. dxe5 Bd7 21. e4 Nxc3 22. Rxc3 Rd8 23. Qc4 g6 24. exf5 gxf5 {Scheipl,R (2212)-Rabitzsch,M (1663) Bergen 2008 1-0 (41)}) ({RR} 10. Bd3 dxc4 11. Bxc4 Bd7 12. Ne4 Ng6 13. O-O Bc6 14. Qc2 Nh4 15. Nxh4 Bxh4 16. Nc3 Bf6 17. Rfd1 Qe8 18. Bd3 Rd8 19. Be4 Be7 20. Qb3 Bd6 21. Bxc6 Qxc6 22. d5 Qb6 23. Qxb6 axb6 24. Nb5 Be5 {Guo,Q (2447)-Pogonina,N (2482) Moscow 2016 ½-½ (41)}) 10... c6 11. a4 a6 12. Qb3 Bd7 13. Bd3 Qb8 14. O-O b5 15. cxb5 cxb5 16. axb5 axb5 17. Ra1 Qb7 18. Rfc1 Rfb8 19. h3 Nc8 20. e4 dxe4 21. Rxa8 Qxa8 22. Nxe4 Be7 23. Ne5 Be8 24. Nc5 Qd5 25. Qxd5 exd5 26. Na6 Ra8 27. Nc7 1-0

[Event "Skopje Solidarnost-06"]
[Site "Skopje"]
[Date "1976.03.15"]
[Round "13"]
[White "Tarjan, James Edward"]
[Black "Karpov, Anatoly"]
[Result "0-1"]
[WhiteElo "2490"]
[BlackElo "2695"]
[PlyCount "80"]
[EventDate "1976.02.29"]
[EventType "tourn"]
[EventRounds "15"]
[EventCountry "YUG"]
[EventCategory "10"]
[SourceTitle "MCD"]
[Source "ChessBase"]
[SourceDate "1999.07.01"]
[SourceVersion "1"]
[SourceVersionDate "1999.07.01"]
[SourceQuality "1"]

1. d4 Nf6 2. c4 e6 3. Nf3 d5 4. Nc3 Be7 5. Bg5 O-O 6. Rc1 b6 7. cxd5 exd5 8. e3 Bb7 9. Bd3 Nbd7 ({RR} 9... c5 10. O-O h6 11. Bf4 Nc6 12. Bb1 a6 13. Ne5 c4 14. a3 b5 15. Qc2 h5 16. Bg5 Nxe5 17. dxe5 Ne4 18. Bxe7 Qxe7 19. f3 Qc5 20. fxe4 Qxe3+ 21. Qf2 Qxf2+ 22. Rxf2 d4 23. Nd5 Rad8 24. Rd1 {Paduano,C (2248)-Barash,A (2089) chess.com INT 2025 1-0 (33)}) 10. Qe2 ({RR} 10. Bf5 Re8 11. O-O Nf8 12. Nb5 g6 13. Bh3 c6 14. Bf4 Bb4 15. Nc7 Nh5 16. Nxe8 Nxf4 17. exf4 Ba6 18. Qa4 Bxf1 19. Kxf1 Be7 20. Qxc6 Qxe8 21. Qxd5 Rd8 22. Qc4 b5 23. Qb3 Bf6 24. Qe3 b4 {Uhlmann,W (2505)-Boensch,U (2475) Nordhausen 1986 1-0 (35)}) 10... c5 $146 ({RR} 10... a6 11. O-O Ne4 12. Bf4 c5 13. dxc5 bxc5 14. Bxe4 dxe4 15. Nd2 f5 16. h3 Kh8 17. Rfd1 Qe8 18. Nc4 Rf7 19. Na5 Ra7 20. Qc4 Bd8 21. Nb3 Bc6 22. Nxc5 Nxc5 23. Qxc5 Ra8 24. Nd5 Bb5 25. Nb4 {Rudovskya,R-Bronnikova,K Dnipropetrovsk 2004 1-0 (34)}) ({RR} 10... a6 11. h4 Re8 12. Kf1 Ne4 13. Bf4 Bd6 14. Bxd6 Nxd6 15. Bxh7+ Kxh7 16. Ng5+ Kg8 17. Rh3 Qf6 18. Rf3 Qg6 19. Rf4 a5 20. Kg1 Nf6 21. g4 Rac8 22. Qf3 c5 23. Kh2 cxd4 24. exd4 b5 25. Rg1 {Vesovic,N (1979)-Lazarevic,Z (1809) Podgorica 2015 0-1 (70)}) 11. dxc5 bxc5 12. O-O h6 13. Bh4 a6 14. Rfd1 Re8 15. Bc2 Nb6 16. Na4 Rc8 17. Ne5 Qd6 18. Nxb6 Qxb6 19. Qf3 Rc7 20. Bg3 Bf8 21. Ng4 Rc6 22. Ba4 Nxg4 23. Bxc6 Nxh2 24. Kxh2 Bxc6 25. b3 Re6 26. Rxd5 h5 27. Qd1 h4 28. Bf4 Bxd5 29. Qxd5 Qa5 30. Rd1 Be7 31. Bg5 Bd6+ 32. Bf4 Bxf4+ 33. exf4 Qxa2 34. Qxc5 Re8 35. b4 Qe2 36. Rd7 Qg4 37. Qd4 Re1 38. f5 Re4 39. Qd5 Qf4+ 40. Kh3 Re3+ 0-1

[Event "Hoogovens"]
[Site "Wijk aan Zee"]
[Date "1988.01.13"]
[Round "5"]
[White "Piket, Jeroen"]
[Black "Karpov, Anatoly"]
[Result "1/2-1/2"]
[WhiteElo "2470"]
[BlackElo "2715"]
[PlyCount "87"]
[EventDate "1988.01.08"]
[EventType "tourn"]
[EventRounds "13"]
[EventCountry "NED"]
[EventCategory "13"]
[SourceTitle "CBM 005"]
[Source "ChessBase"]
[SourceDate "1988.08.01"]
[SourceVersion "1"]
[SourceVersionDate "1988.08.01"]
[SourceQuality "1"]

1. d4 Nf6 2. Nf3 e6 3. c4 d5 4. Nc3 Be7 5. Bg5 h6 6. Bxf6 Bxf6 7. e3 O-O 8. Rc1 c6 9. Bd3 Nd7 10. O-O a6 11. Qc2 ({RR} 11. a3 b5 12. cxd5 cxd5 13. Bb1 Bb7 14. Ne2 e5 15. dxe5 Nxe5 16. Nxe5 Bxe5 17. Nd4 Qf6 18. Qg4 Rac8 19. Qd7 Rb8 20. Nc6 Bxc6 21. Rxc6 Rfd8 22. Rxf6 Rxd7 23. Rxa6 Bxb2 24. Rd1 d4 25. h4 Rbd8 {Topalov,V (2796)-Carlsen,M (2776) Nice 2009 ½-½}) ({RR} 11. e4 dxc4 12. Bxc4 b5 13. Be2 Bb7 14. a4 Qa5 15. axb5 cxb5 16. e5 Be7 17. d5 b4 18. dxe6 Nc5 19. Nd5 Bxd5 20. Qxd5 fxe6 21. Qc4 Qb6 22. Nd4 Rf4 23. g3 Rf7 24. Kg2 Rd8 25. Bh5 Rff8 {Magkalakis,S (2351)-Sarana,A (2686) chess.com INT 2026 0-1 (64)}) 11... b5 12. b3 $146 ({RR} 12. cxd5 cxd5 13. a4 b4 14. Ne2 Rb8 15. Nf4 Be7 16. Qe2 Qa5 17. Bb1 Qxa4 18. Qd3 Nf6 19. Ne5 Bd7 20. Nh5 Rfd8 21. Nxf7 Nxh5 22. Nxh6+ Kf8 23. Qh7 Bf6 24. Ng4 Be8 25. Rc7 Rd7 26. b3 Qb5 {Hansen,S (2566)-Baramidze,D (2591) Germany 2012 0-1 (47)}) 12... Bb7 13. Rfd1 Qe7 14. e4 dxc4 15. bxc4 e5 16. d5 Rab8 17. dxc6 Bxc6 18. cxb5 axb5 19. Nd5 Bxd5 20. exd5 Qa3 21. Qe2 Nc5 22. Bxb5 e4 23. Ne1 Rfd8 24. Rb1 Rb6 25. Bc4 Rxb1 26. Rxb1 Na4 27. Rb3 Qd6 28. Nc2 Nc3 29. Qd2 Qe5 30. Ne3 h5 31. h3 g6 32. Rb7 Rd6 33. Rb8+ Kg7 34. Rb7 Qd4 35. Qxd4 Bxd4 36. Kf1 h4 37. Bb3 Bxe3 38. fxe3 Nxd5 39. Kf2 Kf8 40. a4 Ne7 41. a5 Ra6 42. Rb8+ Kg7 43. Rb7 Kf8 44. Rb8+ 1/2-1/2

[Event "London Phillips&Drew"]
[Site "London"]
[Date "1984.05.09"]
[Round "12"]
[White "Ribli, Zoltan"]
[Black "Karpov, Anatoly"]
[Result "1/2-1/2"]
[WhiteElo "2610"]
[BlackElo "2700"]
[PlyCount "41"]
[EventDate "1984.04.26"]
[EventType "tourn"]
[EventRounds "13"]
[EventCountry "ENG"]
[EventCategory "14"]
[SourceTitle "MCL"]
[Source "ChessBase"]
[SourceDate "1999.07.01"]
[SourceVersion "1"]
[SourceVersionDate "1999.07.01"]
[SourceQuality "1"]

1. Nf3 Nf6 2. c4 e6 3. Nc3 d5 4. d4 Be7 5. Bg5 h6 6. Bxf6 Bxf6 7. e3 O-O 8. Rc1 c6 9. Bd3 Nd7 10. O-O dxc4 11. Bxc4 e5 12. Bb3 exd4 13. exd4 Re8 14. h3 ({RR} 14. Re1 Rxe1+ 15. Qxe1 Nf8 16. Ne4 Be6 17. Qb4 Bxb3 18. axb3 Rb8 19. Nxf6+ Qxf6 20. Ra1 Qf4 21. Qc5 a6 22. d5 cxd5 23. Qxd5 Qf6 24. Rc1 Ng6 25. Qd7 Qd8 26. Rd1 Qb6 27. Qd6 {½-½ (27) Tal,M (2555)-Beliavsky,A (2620) Lvov 1981}) 14... Nf8 15. d5 ({RR} 15. Qd3 Be6 16. Bc2 Qb6 17. Na4 Qc7 18. Rfe1 Bd5 19. Red1 Rad8 20. Nh2 Be4 21. Qc3 Bxc2 22. Rxc2 Ne6 23. Rcd2 Nf4 24. Ng4 Ne2+ 25. Rxe2 Rxe2 26. Nxf6+ gxf6 27. Qc1 Re4 28. Rd3 Rexd4 29. Rg3+ Qxg3 {Edouard,R (2678)-Dambacher,M (2480) Belgium 2012 0-1}) 15... Bd7 16. Re1 $146 ({RR} 16. Qd2 Rc8 17. dxc6 Bxc6 18. Nd5 Ne6 19. Rfe1 Bxd5 20. Rxc8 Qxc8 21. Bxd5 Nc7 22. Rxe8+ Nxe8 23. Qb4 b6 24. b3 Nc7 25. Qc4 Qd7 26. Be4 b5 27. Qc2 g6 28. g3 Kg7 29. Kg2 Ne6 30. a4 bxa4 {Smejkal,J (2550)-Andersson,U (2585) Reggio Emilia 1986 0-1 (54)}) ({RR} 16. Qd2 Bxc3 17. Rxc3 {½-½ (17) Semcesen,D (2418)-Akesson,R (2469) Stockholm 2009}) 16... Rxe1+ 17. Qxe1 cxd5 18. Rd1 Bxc3 19. Qxc3 Be6 20. Bxd5 Rc8 21. Qb3 1/2-1/2

[Event "Tilburg"]
[Site "Tilburg"]
[Date "1988.??.??"]
[Round "?"]
[White "Hjartarson, Johann"]
[Black "Karpov, Anatoly"]
[Result "1/2-1/2"]
[WhiteElo "2610"]
[BlackElo "2725"]
[PlyCount "63"]
[EventDate "1988.09.??"]
[EventType "tourn"]
[EventRounds "14"]
[EventCountry "NED"]
[EventCategory "16"]
[SourceTitle "CBM 009"]
[Source "ChessBase"]
[SourceDate "1989.04.01"]
[SourceVersion "1"]
[SourceVersionDate "1989.04.01"]
[SourceQuality "1"]

1. d4 Nf6 2. c4 e6 3. Nf3 d5 4. Nc3 Be7 5. Bg5 h6 6. Bxf6 Bxf6 7. e3 O-O 8. Rc1 c6 9. Bd3 Nd7 10. O-O dxc4 11. Bxc4 e5 12. h3 exd4 13. exd4 Nb6 14. Bb3 Re8 15. Re1 Bf5 16. Rxe8+ Qxe8 17. Qd2 Qd7 18. Re1 Nd5 ({RR} 18... Re8 19. Rxe8+ Qxe8 20. Qf4 Bg6 21. Qc7 Qc8 22. Qd6 Qd8 23. Qxd8+ Bxd8 24. Ne5 Kf8 25. f4 Nc8 26. Kf2 Nd6 27. Nxg6+ fxg6 28. g4 g5 29. f5 Bf6 {½-½ (29) Quesada Perez,L (2576)-Korobov,A (2648) Dortmund GER 2024}) 19. Nxd5 ({RR} 19. Ne5 Bxe5 20. Rxe5 Nf6 21. Qf4 Bg6 22. Qe3 Re8 23. g4 h5 24. f3 Kh7 25. Ne2 Nd5 26. Bxd5 Rxe5 27. Qxe5 Qxd5 28. Qxd5 cxd5 29. Nc3 hxg4 30. hxg4 f5 31. gxf5 Bxf5 32. Nxd5 Be6 33. Nc3 Kg6 {Milos,G (2395)-Hjartarson,J (2590) Thessaloniki 1988 1-0 (43)}) 19... cxd5 20. Qf4 $146 ({RR} 20. Ne5 Qd6 21. g4 Be6 22. f4 Bxe5 23. dxe5 Qb6+ 24. Kg2 d4 25. Qd3 Bxb3 26. axb3 Rd8 27. f5 Qc6+ 28. Kf2 Qd5 29. Re4 Re8 30. Qxd4 Qxd4+ 31. Rxd4 Rxe5 32. Rb4 b6 33. Ra4 a5 34. b4 f6 {Kasimdzhanov,R (2690)-Ponomariov,R (2705) Vitoria Gasteiz 2007 ½-½ (36)}) 20... Be6 21. Ne5 Qb5 22. Ng4 Bxg4 23. Qxg4 Rd8 24. Rc1 Qb4 25. Rc8 Qe1+ 26. Kh2 Qxf2 27. Bxd5 b5 28. Qf3 Qxf3 29. Rxd8+ Bxd8 30. Bxf3 Bf6 31. b4 Bxd4 32. Bc6 1/2-1/2